Giải đáp về quản lý tài chính công

Giải đáp về tổng quan tài chính công và quản lý tài chính công; thu tài chính công và quản lý thuế, phí, lệ phí; quản lý chi tiêu công; quản lý vay nợ của Chính phủ và tín dụng Nhà nước; quản lý ngân sách Nhà nước; quản lý các quỹ tài chính...

ver descrição completa

Na minha lista:
Detalhes bibliográficos
Autor principal: Trần, Văn Giao
Formato: Livro
Idioma:Undetermined
Publicado em: Hà Nội Chính trị Quốc gia 2009
Assuntos:
Tags: Adicionar Tag
Sem tags, seja o primeiro a adicionar uma tag!
Thư viện lưu trữ: Trung tâm Học liệu Trường Đại học Cần Thơ
LEADER 01046nam a2200217Ia 4500
001 CTU_173844
008 210402s9999 xx 000 0 und d
020 |c 42000 
082 |a 352.4076 
082 |b Gi108 
100 |a Trần, Văn Giao 
245 0 |a Giải đáp về quản lý tài chính công 
245 0 |c Trần Văn Giao 
260 |a Hà Nội 
260 |b Chính trị Quốc gia 
260 |c 2009 
520 |a Giải đáp về tổng quan tài chính công và quản lý tài chính công; thu tài chính công và quản lý thuế, phí, lệ phí; quản lý chi tiêu công; quản lý vay nợ của Chính phủ và tín dụng Nhà nước; quản lý ngân sách Nhà nước; quản lý các quỹ tài chính ngoài ngân sách Nhà nước. 
650 |a Finance, Public,Tài chính, Công 
650 |z Vietnam,Việt Nam 
904 |i Nguyễn Trung Hiếu, Hải 
980 |a Trung tâm Học liệu Trường Đại học Cần Thơ